Finish that Phrase! "President ____" - Statistics

General Stats
  • This quiz has been taken 96 times
  • The average score is 6 of 8
Answer Stats
Rank "President ____" % Correct
1 Barack Obama
92%
2 George Bush
82%
3 FDR/Teddy Roosevelt
80%
4 John F. Kennedy
80%
7 Richard Nixon
73%
8 Bill Clinton
72%
5 Ronald Reagan
65%
6 Lyndon B. Johnson
52%
No matching quizzes found
Score Distribution
Percent of People with Each Score
Percentile by Number Answered
Your Score History
You have not taken this quiz